000 01317cad a22002295a 4500
001 E147382
008 090507s2009 xxk f 000 0 eng d
035 _a(Sirsi) u147382
041 0 _aeng
050 0 4 _a333.72 $2 18
110 2 _aSustainable Development Commission
_94213
245 0 0 _aSustainable development in government 2008
_bchallenges for government
_h[electronic resource]
260 _a[London]
_bSustainable Development Commission
_c2009
505 2 _aForeword -- Introduction -- Thematic area analysis -- SOGE framework performance assessment: SOGE targets, mandated mechanisms and SPAP commitments -- Cross-cutting issues and findings -- Summary of issues and recommendations -- Annexes
520 _aReviews the government's progress in meeting sustainability targets and makes recommendations for further action in the areas of carbon, energy, travel, waste, water and biodiversity. Sets out the challenges which the government may face in the future in relation to sustainability.
521 _aIntroductory
590 _aKA
651 4 _aUnited Kingdom
690 _aENVIRONMENTAL AND LAND CONSULTANCY-ENERGY-ENERGY USE-ENERGY EFFICIENCY
856 4 0 _uhttps://www.sd-commission.org.uk/publications.php?id=934
_zView the report free of charge at www.sd-commission.org.uk...
942 _n0
999 _c109529
_d109529